Daily Country Riddle #5 - Statistics

General Stats
  • This quiz has been taken 1,329 times
  • The average score is 8 of 13
Answer Stats
Type Answer % Correct
Found Letter O
84%
Found Letter S
79%
Correctly Placed Letter O
76%
Correctly Placed Letter O
70%
Correctly Placed Letter S
67%
Found Letter V
62%
Found Letter O
60%
Found Letter K
59%
Correctly Placed Letter O
58%
Correctly Placed Letter K
55%
Answer Kosovo
54%
Found Letter O
54%
Correctly Placed Letter V
54%
No matching quizzes found
Score Distribution
Percent of People with Each Score
Percentile by Number Answered
Your Score History
You have not taken this quiz